000
00243nam a2200097Ia 4500
008
230915s9999 xx 000 0 und d
050
_a
TS155.H372 2003
100
_a
JAY HEIZER
245
0
_a
OPERATIONS MANAGEMENT FLEXIBLE VERSION
942
_c
BK
999
_c
205704
_d
205704